000 00535nam a2200229Ia 4500
003 OSt
005 20221005131013.0
006 a|||||r|||| 00| 0
007 ta
008 221004b |||||||| |||| 00| 0 eng d
024 _a52360
037 _cTextual
040 _aCRL
_cCRL
_beng
041 _2eng
_aeng
082 _aQ6x, F1
100 _aRichard Paul
_949799
245 0 _aScourge of christ
260 _c1921
650 _aRELIGION
942 _hQ6x, F1
_cTEXL
_2cc
999 _c1059068
_d1059068